00855nam a2200229 a 450000100100000000500170001000800410002702000150006804000130008308200180009610000300011424501020014426000730024630000360031949000250035550000310038050000550041160000400046660000570050670000370056383000250060000000556520200929151720.0090820s1994 sp ac 001 0 spa d a8400073967 aDO-SdBNP a862.64bG146I1 aMartínez Moreno, Isabel10aAntonio Gala :bel paraíso perdido /cIsabel Martínez Moreno ; prólogo Ma.del Pilar Palomo. aMadrid, :bConsejo Superior de Investigaciones Científicas,c1994. a663 p. :bil., retrs. ;c24 cm.1 aBiblioteca de teatro aIncluye tabla de contenido aIncluye referencias bibliográficas ( 636-663 p.)14aGALA, ANTONIO,d1936-vBIOGRAFÍAS14aGALA, ANTONIO,kTEATROxCRÍTICA E INTERPRETACIÓN1 aPalomo, Maria del Pilarepról. 0aBiblioteca de teatro